000 00707 a2200181 4500
003 Nust
005 20170207153211.0
040 _cNust
082 _a005.1
100 _aFarooqui, Adnan Ahmed (MSCS-12)
245 _aDetection of suspcious human motion from video frame sequences of visual surveillance system using image processing techniques
_cAdnan Ahmed Farooqui
260 _bMCS,NUST
_cMay 2007
_aRawalpindi
300 _aviii, 73, p.;
505 _aIntroduction (page-1) Literature review (page-5) Methodology (page-21) Designing and testing the framework (page-36) Results and analysis (page-47) Conclusion (page-53)
538 _aAlmirah No 73 Shelf No 2
650 _aPG Thesis
651 _aMSCS-12
942 _cTHS
999 _c181373
_d181373